| 000 | 00717nam a2200217 u 4500 | ||
|---|---|---|---|
| 005 | 20260418064115.0 | ||
| 008 | 181001s2017 mx r 000 0 spa d | ||
| 020 | _a9786077428367 | ||
| 035 | _aUPN01000226946 | ||
| 049 | _aCG | ||
| 050 | 4 |
_aLC5803 C6.5 _bD4.7 |
|
| 245 | 0 | 0 |
_aDesafíos de la cultura digital para la educación / _ccoord. Blanca Estela Chávez Blanco. |
| 260 |
_aMéxico : _bUniversidad de Guadalajara, _cc2017. |
||
| 300 |
_a325 p. : _bil., tablas, gráfs. |
||
| 650 | 4 |
_aEnseñanza asistida por computadora _94965 |
|
| 650 | 4 |
_aInnovaciones tecnológicas _98196 |
|
| 650 | 4 |
_aEducación superior _932 |
|
| 700 | 1 |
_aChávez Blanco, Blanca Estela, _ecoord. |
|
| 905 | _aLibro | ||
| 999 |
_c199042 _d199042 |
||